[Event "18th Africa-ch"]
[Site "Giza EGY"]
[Date "2023.05.08"]
[Round "4.3"]
[White "Khalil, Ahmed Salem"]
[Black "Fawzy, Adham"]
[Result "0-1"]
[WhiteElo "2122"]
[BlackElo "2495"]
[EventDate "2023.05.06"]
[PlyCount "33"]

1.Nf3 c5 2.c4 Nc6 3.d4 cxd4 4.Nxd4 g6 5.Nc3 Bg7 6.e3 Nf6 7.Be2 O-O 8.O-O 
Nxd4 9.Qxd4 d6 10.Bf3 Be6 11.Qd3 Rc8 12.Nd5 Nxd5 13.Bxd5 Bd7 14.Qb3 Qa5 
15.Qxb7 Rc7 16.Bd2 Rxb7 17.Bxa5 0-1

[Event "18th Africa-ch"]
[Site "Giza EGY"]
[Date "2023.05.08"]
[Round "4.4"]
[White "Nadir, Samir"]
[Black "Kayonde, Andrew"]
[Result "0-1"]
[WhiteElo "2175"]
[BlackElo "2361"]
[EventDate "2023.05.06"]
[PlyCount "59"]

1.d4 Nf6 2.Bf4 d5 3.e3 e6 4.Nd2 Bd6 5.Bg3 O-O 6.Bd3 c5 7.c3 Qc7 8.Bxd6 
Qxd6 9.dxc5 Qxc5 10.Ngf3 Re8 11.O-O e5 12.e4 Bg4 13.Re1 Nbd7 14.exd5 Qxd5 
15.Ne4 Rad8 16.h3 Bh5 17.Qe2 Nc5 18.Nxf6+ gxf6 19.Bc4 Bxf3 20.gxf3 Qd2 21.
b4 Qxe2 22.Rxe2 Nd3 23.Rd2 Nf4 24.Rad1 Rxd2 25.Rxd2 Rc8 26.Bb3 Rc7 27.h4 
Kg7 28.Kh2 f5 29.Kg3 h5 30.Kh2 0-1

[Event "18th Africa-ch"]
[Site "Giza EGY"]
[Date "2023.05.08"]
[Round "4.5"]
[White "Hesham, Abdelrahman"]
[Black "Wageih, Kareim"]
[Result "1/2-1/2"]
[WhiteElo "2409"]
[BlackElo "2375"]
[EventDate "2023.05.06"]
[PlyCount "91"]

1.d4 Nf6 2.c4 c6 3.Nc3 d5 4.e3 Bg4 5.f3 Bf5 6.cxd5 cxd5 7.Qb3 Bc8 8.Bb5+ 
Nc6 9.Nge2 e6 10.O-O Be7 11.e4 a6 12.Bxc6+ bxc6 13.Bg5 a5 14.e5 Nd7 15.
Bxe7 Qxe7 16.f4 g6 17.Rfc1 O-O 18.Na4 Ba6 19.Ng3 Rab8 20.Qe3 Rfc8 21.b3 
Rb4 22.Rc3 Rb7 23.Nh1 Bb5 24.Nc5 Nxc5 25.Rxc5 a4 26.Nf2 h5 27.g4 axb3 28.
axb3 Ra7 29.Rac1 Rca8 30.gxh5 gxh5 31.Nh3 Qh4 32.R5c2 Ra2 33.Rxa2 Rxa2 34.
Kh1 Be2 35.Rg1+ Bg4 36.Rg3 Kh8 37.Qg1 Qd8 38.Nf2 Bf5 39.Rg5 Bg6 40.Qg3 Qa5
41.f5 exf5 42.Qf4 Qe1+ 43.Rg1 Qd2 44.Nh3 Kg7 45.Qxd2 Rxd2 46.Nf4 1/2-1/2

[Event "18th Africa-ch"]
[Site "Giza EGY"]
[Date "2023.05.08"]
[Round "4.6"]
[White "Ezat, Mohamed"]
[Black "Sobh, Amrou"]
[Result "1-0"]
[WhiteElo "2402"]
[BlackElo "2225"]
[EventDate "2023.05.06"]
[PlyCount "31"]

1.d4 d5 2.Nf3 Nf6 3.c4 e6 4.g3 Be7 5.Bg2 O-O 6.O-O b6 7.Nc3 Bb7 8.Ne5 a6 
9.Bg5 Nbd7 10.Qa4 Nxe5 11.dxe5 Ne4 12.Bxe7 Nxc3 13.Qa3 Nxe2+ 14.Kh1 Qc8 
15.Bxf8 Qxf8 16.Qe3 1-0

[Event "18th Africa-ch"]
[Site "Giza EGY"]
[Date "2023.05.08"]
[Round "4.8"]
[White "Solomon, Kenny"]
[Black "El-Ghazali, Youssef M."]
[Result "1-0"]
[WhiteElo "2310"]
[BlackElo "2211"]
[EventDate "2023.05.06"]
[PlyCount "59"]

1.e4 c5 2.Nf3 d6 3.d4 cxd4 4.Nxd4 Nf6 5.Nc3 a6 6.Be3 e6 7.f3 Be7 8.Qd2 Qc7
9.g4 b5 10.g5 Nfd7 11.a3 Ne5 12.O-O-O Bd7 13.f4 Nc4 14.Bxc4 Qxc4 15.f5 b4 
16.axb4 Qxb4 17.Rhf1 Nc6 18.f6 gxf6 19.gxf6 Ne5 20.Nb3 Nc4 21.Qd3 Bf8 22.
Bc5 Qb7 23.Qxc4 Rc8 24.Qb4 Bb5 25.Nxb5 axb5 26.Bxd6 Qc6 27.c3 Bh6+ 28.Bf4 
Bf8 29.Qd4 b4 30.Rf3 1-0

[Event "18th Africa-ch"]
[Site "Giza EGY"]
[Date "2023.05.08"]
[Round "4.9"]
[White "Nyazi, Nehad"]
[Black "Kandil, Adham"]
[Result "0-1"]
[WhiteElo "2224"]
[BlackElo "2280"]
[EventDate "2023.05.06"]
[PlyCount "50"]

1.d4 Nf6 2.c4 e6 3.Nf3 b6 4.a3 Bb7 5.Nc3 c5 6.d5 d6 7.e4 e5 8.Bd3 Nbd7 9.
O-O h6 10.b4 Be7 11.Nh4 Nxd5 12.exd5 Bxh4 13.Qg4 Bg5 14.f4 exf4 15.Bxf4 
O-O 16.Bxd6 Nf6 17.Qg3 Nh5 18.Qe5 Re8 19.Qf5 Nf6 20.Be5 Bc8 21.Bxf6 Bxf5 
22.Bxd8 Be3+ 23.Kh1 Bxd3 24.Rf3 Raxd8 25.bxc5 bxc5 0-1

[Event "18th Africa-ch"]
[Site "Giza EGY"]
[Date "2023.05.09"]
[Round "5.1"]
[White "Fawzy, Adham"]
[Black "Adly, Ahmed"]
[Result "1/2-1/2"]
[WhiteElo "2495"]
[BlackElo "2596"]
[EventDate "2023.05.06"]
[PlyCount "55"]

1.e4 c6 2.d4 d5 3.e5 Bf5 4.h4 h5 5.Bd3 Bxd3 6.Qxd3 Qa5+ 7.Nd2 Qa6 8.c4 e6 
9.Ngf3 Nh6 10.O-O Nf5 11.b3 Qa5 12.Rd1 Be7 13.g3 Na6 14.Nf1 Qd8 15.Bg5 Nc7
16.Ne3 g6 17.c5 a5 18.a4 Na6 19.Nxf5 gxf5 20.Rac1 Bxg5 21.Nxg5 Qe7 22.Qe3 
Nb4 23.Qf4 Na2 24.Rc2 Nb4 25.Rcc1 Na2 26.Rc2 Nb4 27.Rcc1 Na2 28.Rc2 
1/2-1/2

[Event "18th Africa-ch"]
[Site "Giza EGY"]
[Date "2023.05.09"]
[Round "5.2"]
[White "Kayonde, Andrew"]
[Black "Bellahcene, Bilel"]
[Result "1/2-1/2"]
[WhiteElo "2361"]
[BlackElo "2476"]
[EventDate "2023.05.06"]
[PlyCount "40"]

1.Nf3 Nf6 2.c4 e6 3.Nc3 Bb4 4.Qc2 O-O 5.a3 Bxc3 6.Qxc3 d6 7.b4 e5 8.Bb2 
Re8 9.e3 Nbd7 10.d3 b6 11.Be2 Bb7 12.O-O c5 13.Rfe1 Rc8 14.Qb3 Qc7 15.Rac1
e4 16.dxe4 Nxe4 17.Red1 Re6 18.Nd2 Rce8 19.Nf1 Rg6 20.f3 Ng5 1/2-1/2

[Event "18th Africa-ch"]
[Site "Giza EGY"]
[Date "2023.05.09"]
[Round "5.3"]
[White "Amin, Bassem"]
[Black "Sadek, Sameh"]
[Result "1-0"]
[WhiteElo "2691"]
[BlackElo "2255"]
[EventDate "2023.05.06"]
[PlyCount "109"]

1.e4 e5 2.Nf3 Nf6 3.Nc3 Nc6 4.g3 Nxe4 5.Nxe4 d5 6.Nc3 d4 7.Bg2 dxc3 8.bxc3
Bd6 9.O-O O-O 10.d3 Bg4 11.h3 Bh5 12.Rb1 Rb8 13.g4 Bg6 14.Ng5 Be7 15.Ne4 
f5 16.gxf5 Bxf5 17.Be3 Qd7 18.Qh5 b6 19.Kh2 Be6 20.Ng3 g6 21.Qh6 Bf6 22.
Rbe1 Bg7 23.Qh4 Ne7 24.Bg5 Nd5 25.d4 Nf4 26.dxe5 Nxg2 27.Kxg2 Qc6+ 28.f3 
Bd5 29.Re3 Rbe8 30.Bh6 Qc4 31.Qg5 Bxh6 32.Qxh6 Qf4 33.Qxf4 Rxf4 34.a3 Re6 
35.Rfe1 c5 36.Ne4 Bxe4 37.Rxe4 Rxe4 38.Rxe4 Kf7 39.f4 Re7 40.Kf3 Ke6 41.
Re3 c4 42.Re4 Rc7 43.Rd4 Rc5 44.a4 g5 45.Rd6+ Ke7 46.Rh6 gxf4 47.Kxf4 Ra5 
48.Kf5 Rxa4 49.Rxh7+ Kd8 50.h4 Ra1 51.h5 Rh1 52.h6 a5 53.Rh8+ Kc7 54.h7 
Kb7 55.e6 1-0

[Event "18th Africa-ch"]
[Site "Giza EGY"]
[Date "2023.05.09"]
[Round "5.4"]
[White "Ashraf, Shereif"]
[Black "Ezat, Mohamed"]
[Result "1/2-1/2"]
[WhiteElo "2239"]
[BlackElo "2402"]
[EventDate "2023.05.06"]
[PlyCount "50"]

1.d4 Nf6 2.c4 e6 3.g3 g6 4.Bg2 Bg7 5.Nc3 O-O 6.e4 d6 7.Nf3 e5 8.h3 Nc6 9.
Be3 exd4 10.Nxd4 Nxd4 11.Bxd4 Be6 12.Qe2 c5 13.Be3 Qa5 14.O-O Qb4 15.Nd5 
Nxd5 16.exd5 Bd7 17.Rac1 b5 18.b3 Rfe8 19.Rfe1 a5 20.Qd2 Qxd2 21.Bxd2 b4 
22.Bf4 Bf8 23.g4 a4 24.Bf3 axb3 25.axb3 Ra3 1/2-1/2

[Event "18th Africa-ch"]
[Site "Giza EGY"]
[Date "2023.05.09"]
[Round "5.5"]
[White "Wageih, Kareim"]
[Black "Ahmed, Abuzied"]
[Result "1/2-1/2"]
[WhiteElo "2375"]
[BlackElo "2236"]
[EventDate "2023.05.06"]
[PlyCount "59"]

1.d4 g6 2.Nf3 Bg7 3.Bf4 d6 4.e3 Nd7 5.h3 e5 6.Bh2 Ne7 7.Be2 O-O 8.c3 b6 9.
a4 a6 10.Na3 e4 11.Nd2 Bb7 12.Qc2 Nf6 13.b4 Nf5 14.O-O Re8 15.c4 c5 16.
bxc5 bxc5 17.Rab1 Bc8 18.d5 g5 19.Rb3 Bd7 20.Rb7 Bc8 21.Rb3 Bd7 22.Rb7 Bc8
23.Rbb1 h5 24.Rfe1 h4 25.Rb3 Bd7 26.Rb7 Bc8 27.Rb3 Bd7 28.Rb7 Bc8 29.Rb3 
Bd7 30.Rb7 1/2-1/2

[Event "18th Africa-ch"]
[Site "Giza EGY"]
[Date "2023.05.09"]
[Round "5.6"]
[White "Gabr, Mohsen"]
[Black "Solomon, Kenny"]
[Result "0-1"]
[WhiteElo "2200"]
[BlackElo "2310"]
[EventDate "2023.05.06"]
[PlyCount "88"]

1.Nf3 d5 2.g3 c6 3.b3 Bf5 4.Bb2 h6 5.Bg2 e6 6.O-O Nf6 7.d3 Be7 8.Nbd2 O-O 
9.Ne5 Bh7 10.e4 a5 11.a3 Nbd7 12.Nxd7 Nxd7 13.Qe2 Re8 14.f4 Bf8 15.Kh1 a4 
16.b4 c5 17.b5 c4 18.dxc4 dxe4 19.Nxe4 Qc7 20.Rad1 Rac8 21.Rfe1 Red8 22.
Bf1 Nc5 23.Nf2 f6 24.h4 Re8 25.Kh2 Qf7 26.Bg2 Kh8 27.Nd3 Qc7 28.Nb4 Qf7 
29.Rd2 Rcd8 30.Red1 Rxd2 31.Rxd2 Bg6 32.Bd4 Qc7 33.Bb2 Nd7 34.Qd1 Nb6 35.
Bf1 Nxc4 36.Rd7 Nxb2 37.Qd4 Qc5 38.Qxc5 Bxc5 39.Rxb7 Rd8 40.b6 Be4 41.Na6 
Bxb7 42.Nxc5 Bd5 43.b7 Rb8 44.Ba6 Nc4 0-1

[Event "18th Africa-ch"]
[Site "Giza EGY"]
[Date "2023.05.09"]
[Round "5.7"]
[White "Kandil, Adham"]
[Black "Anderson, Gavin"]
[Result "1-0"]
[WhiteElo "2280"]
[BlackElo "2167"]
[EventDate "2023.05.06"]
[PlyCount "69"]

1.e4 c6 2.d4 d5 3.e5 Bf5 4.Nd2 e6 5.Nb3 Ne7 6.Nf3 Nc8 7.a4 Nd7 8.a5 Be7 9.
Be2 a6 10.Be3 Qc7 11.O-O Na7 12.Nfd2 c5 13.c4 dxc4 14.Nxc4 O-O 15.dxc5 
Nxe5 16.Nd6 Rfd8 17.Qc1 Bd3 18.f4 Bxe2 19.fxe5 Bxf1 20.Qxf1 Rf8 21.Qf3 Nc6
22.Qg3 f6 23.Bh6 Bd8 24.Ra4 Nxe5 25.Nd4 Ng6 26.Nxe6 Qe7 27.Nxf8 Kxf8 28.
Re4 Ne5 29.Bf4 Bxa5 30.Bxe5 fxe5 31.Rxe5 Qd7 32.Rf5+ Kg8 33.Qb3+ Kh8 34.
Nf7+ Kg8 35.Nd8+ 1-0

[Event "18th Africa-ch"]
[Site "Giza EGY"]
[Date "2023.05.09"]
[Round "5.8"]
[White "El-Gabry, Mohsen"]
[Black "Khalil, Ahmed Salem"]
[Result "1-0"]
[WhiteElo "2277"]
[BlackElo "2122"]
[EventDate "2023.05.06"]
[PlyCount "129"]

1.Nf3 c5 2.g3 b6 3.Bg2 Bb7 4.O-O Nf6 5.d3 g6 6.Bg5 Bg7 7.Qc1 O-O 8.Bh6 Na6
9.c3 Nc7 10.Na3 d5 11.Bxg7 Kxg7 12.d4 Re8 13.Ne5 cxd4 14.cxd4 Ne6 15.Qe3 
Qd6 16.Bh3 Ba6 17.Nc2 h6 18.a3 Ng5 19.Bg2 Rac8 20.Nb4 Bb5 21.h4 Ne6 22.
Rfc1 a5 23.Nbd3 Bxd3 24.Qxd3 Ne4 25.e3 f6 26.Ng4 f5 27.Ne5 N6c5 28.Qb5 Ne6
29.b4 Nc7 30.Qa4 Ne6 31.bxa5 bxa5 32.Qxa5 g5 33.hxg5 hxg5 34.Bxe4 fxe4 35.
Qb5 Rxc1+ 36.Rxc1 Rh8 37.Qb4 Qxb4 38.axb4 Rb8 39.Rc6 Nf8 40.Rc7 Rxb4 41.
Rxe7+ Kg8 42.Kg2 Nh7 43.Ng4 Rb6 44.Rd7 Rb5 45.Nh6+ Kh8 46.Rf7 Rb6 47.Ng4 
Kg8 48.Rf5 Rd6 49.f3 exf3+ 50.Kxf3 Kg7 51.Ne5 Rf6 52.Kg4 Ra6 53.Nf3 Kg6 
54.Ne5+ Kg7 55.Rf7+ Kg8 56.Rc7 Ra3 57.Kh5 Ra6 58.Ng4 Re6 59.Rd7 Re4 60.
Rxd5 Re7 61.Rd6 Kg7 62.e4 Rxe4 63.Rd7+ Kg8 64.Rxh7 Rxd4 65.Nf6+ 1-0

[Event "18th Africa-ch"]
[Site "Giza EGY"]
[Date "2023.05.09"]
[Round "5.9"]
[White "Msellek, Ilyass"]
[Black "Hany Kamal, Mohamed"]
[Result "0-1"]
[WhiteElo "2420"]
[BlackElo "2227"]
[EventDate "2023.05.06"]
[PlyCount "78"]

1.e4 c6 2.d4 d5 3.e5 Bf5 4.h4 h5 5.Bd3 Bxd3 6.Qxd3 e6 7.Bg5 Qa5+ 8.Nd2 Qa6
9.c4 Bb4 10.b3 Ne7 11.Ne2 Nd7 12.O-O f6 13.Nf4 O-O-O 14.exf6 gxf6 15.Nxe6 
fxg5 16.Nxd8 Kxd8 17.Nf3 gxh4 18.a3 Bd6 19.Ng5 Rg8 20.Nf7+ Kc7 21.Nxd6 
Kxd6 22.c5+ Kc7 23.Qe3 Ng6 24.Rfe1 Rf8 25.a4 Nf4 26.Qe7 Rf6 27.Re3 Qa5 28.
Rae1 Ng6 29.Qe8 Qd2 30.R1e2 Qd1+ 31.Re1 Qxd4 32.b4 Qd2 33.R3e2 Qxb4 34.Qa8
Rf8 35.Qxa7 Qxc5 36.Qxc5 Nxc5 37.a5 d4 38.Rc1 d3 39.Rb2 Rd8 0-1

[Event "18th Africa-ch"]
[Site "Giza EGY"]
[Date "2023.05.10"]
[Round "6.1"]
[White "Bellahcene, Bilel"]
[Black "Fawzy, Adham"]
[Result "0-1"]
[WhiteElo "2476"]
[BlackElo "2495"]
[EventDate "2023.05.06"]
[PlyCount "88"]

1.e4 c5 2.Nf3 Nc6 3.d4 cxd4 4.Nxd4 Nf6 5.Nc3 e5 6.Ndb5 d6 7.Nd5 Nxd5 8.
exd5 Ne7 9.c4 Nf5 10.Bd3 Be7 11.O-O a6 12.Nc3 O-O 13.a4 Nh4 14.f3 Bg5 15.
Rf2 f5 16.Bf1 Bd7 17.a5 Rc8 18.b4 Bf6 19.Ra3 Qe7 20.Be3 e4 21.f4 g5 22.
fxg5 Be5 23.Qc1 f4 24.Rxf4 Bxf4 25.Bxf4 Rf7 26.Ra2 Ng6 27.Bg3 Rcf8 28.Be2 
Nf4 29.h4 e3 30.Kh2 Qe5 31.Bf3 Qd4 32.Ne4 Nh5 33.Qb2 Qxc4 34.Nxd6 Rxf3 35.
Nxc4 Rxg3 36.Qe5 Re8 37.Qa1 Rg4 38.Nxe3 Rxe3 39.Ra3 Re2 40.Qf1 Rxh4+ 41.
Kg1 Rhe4 42.Kh2 Nf4 43.Rg3 Nxg2 44.Qf6 Ne3+ 0-1

[Event "18th Africa-ch"]
[Site "Giza EGY"]
[Date "2023.05.10"]
[Round "6.2"]
[White "Adly, Ahmed"]
[Black "Amin, Bassem"]
[Result "1/2-1/2"]
[WhiteElo "2596"]
[BlackElo "2691"]
[EventDate "2023.05.06"]
[PlyCount "45"]

1.d4 Nf6 2.Nf3 g6 3.c4 Bg7 4.g3 O-O 5.Bg2 c6 6.O-O d6 7.Nc3 Bf5 8.Ne1 e5 
9.d5 cxd5 10.cxd5 a5 11.e4 Bd7 12.a4 Na6 13.Nd3 Nb4 14.Nb5 Bxb5 15.axb5 
Qb6 16.Nxb4 axb4 17.Rxa8 Rxa8 18.Qe2 Nd7 19.Qc4 Qc5 20.Qe2 Qb6 21.Qc4 Qc5 
22.Qe2 Qb6 23.Qc4 1/2-1/2

[Event "18th Africa-ch"]
[Site "Giza EGY"]
[Date "2023.05.10"]
[Round "6.3"]
[White "Kandil, Adham"]
[Black "Kayonde, Andrew"]
[Result "1/2-1/2"]
[WhiteElo "2280"]
[BlackElo "2361"]
[EventDate "2023.05.06"]
[PlyCount "115"]

1.e4 c5 2.Nf3 a6 3.c3 d5 4.exd5 Qxd5 5.d4 e6 6.Be3 Nd7 7.Be2 cxd4 8.cxd4 
Ngf6 9.O-O Be7 10.Nc3 Qd6 11.Qd2 b5 12.Bf4 Qb6 13.d5 exd5 14.a4 bxa4 15.
Nxd5 Nxd5 16.Qxd5 Bb7 17.Qf5 Nc5 18.Bg5 Qg6 19.Qxg6 hxg6 20.Bxe7 Kxe7 21.
Rfe1 Kf6 22.Rac1 Rac8 23.Rc4 g5 24.h4 Bxf3 25.hxg5+ Kxg5 26.gxf3 Rh4 27.
Rxh4 Kxh4 28.Rc1 Rc7 29.Rc4+ Kg5 30.f4+ Kf6 31.Bg4 Ke7 32.Kg2 Kd6 33.Rd4+ 
Kc6 34.f5 Rd7 35.Rb4 Rd2 36.Kg3 Rd3+ 37.Bf3+ Kc7 38.Rg4 Nd7 39.Rxg7 Rb3 
40.Rxf7 Rxb2 41.f6 Kd6 42.Bg4 Nc5 43.Re7 a3 44.Re1 Rb7 45.Bf3 Rb8 46.Rd1+ 
Ke6 47.Bd5+ Kxf6 48.Ra1 Ke5 49.Bf7 Rb7 50.f4+ Kd4 51.Rd1+ Ke3 52.Bc4 Ne4+ 
53.Kg2 Rg7+ 54.Kh2 Nd2 55.Bd5 Nf3+ 56.Bxf3 Kxf3 57.f5 Rf7 58.Ra1 1/2-1/2

[Event "18th Africa-ch"]
[Site "Giza EGY"]
[Date "2023.05.10"]
[Round "6.4"]
[White "Solomon, Kenny"]
[Black "El-Gabry, Mohsen"]
[Result "1-0"]
[WhiteElo "2310"]
[BlackElo "2277"]
[EventDate "2023.05.06"]
[PlyCount "137"]

1.e4 g6 2.d4 Bg7 3.Nc3 c6 4.h3 d6 5.Be3 Nf6 6.Nf3 O-O 7.a4 a5 8.Be2 Nbd7 
9.O-O Qc7 10.Nd2 e5 11.dxe5 dxe5 12.Nc4 Ne8 13.Qd2 Bf6 14.Bg4 Be7 15.Bxd7 
Qxd7 16.Qxd7 Bxd7 17.Nxe5 Be6 18.Rfd1 Nf6 19.Nd3 Rfe8 20.Bc5 Bd8 21.Nf4 
Bc4 22.f3 Bc7 23.Nd3 Nd7 24.Bd4 b6 25.Kf2 f6 26.Ne2 Kf7 27.b3 Ba6 28.Rd2 
Nf8 29.Rad1 Rad8 30.Be3 Ne6 31.Ndf4 Bxe2 32.Nxe2 Rxd2 33.Rxd2 Rd8 34.Rxd8 
Bxd8 35.Nc1 Ke7 36.Nd3 Kd6 37.f4 Nf8 38.Kf3 Nd7 39.c4 Ke6 40.g4 Be7 41.Bd4
c5 42.Bc3 Bd6 43.h4 Bc7 44.Nf2 Bd6 45.Nd1 Bc7 46.Ne3 Bd8 47.g5 Kf7 48.Ng4 
Ke6 49.Bxf6 Bxf6 50.Nxf6 Nb8 51.Nxh7 Nc6 52.Nf8+ Kf7 53.Nd7 Nd4+ 54.Ke3 
Nxb3 55.Nxb6 Ke6 56.Nd5 Nd4 57.Nc3 Nc2+ 58.Ke2 Nd4+ 59.Kf2 Nb3 60.Nb1 Nd4 
61.Nd2 Kd6 62.Ke3 Nc2+ 63.Kf3 Nd4+ 64.Kg4 Ke6 65.h5 gxh5+ 66.Kxh5 Ne2 67.
f5+ Ke5 68.g6 Kf6 69.Kh6 1-0

[Event "18th Africa-ch"]
[Site "Giza EGY"]
[Date "2023.05.10"]
[Round "6.5"]
[White "Hesham, Abdelrahman"]
[Black "George Micheal, Kevin"]
[Result "1-0"]
[WhiteElo "2409"]
[BlackElo "2149"]
[EventDate "2023.05.06"]
[PlyCount "155"]

1.d4 Nf6 2.c4 e6 3.Nc3 Bb4 4.a3 Bxc3+ 5.bxc3 O-O 6.f3 d5 7.cxd5 exd5 8.e3 
c5 9.Bd3 b6 10.Ne2 Ba6 11.O-O Bxd3 12.Qxd3 Re8 13.Ng3 Nc6 14.Bb2 h5 15.
Rae1 h4 16.Nf5 h3 17.Ng3 Ne7 18.e4 Ng6 19.gxh3 Nh7 20.Bc1 dxe4 21.fxe4 
cxd4 22.cxd4 Qd7 23.Nf5 Ne7 24.Re2 Nxf5 25.Rxf5 Rac8 26.Bb2 Rc6 27.d5 Rg6+
28.Rg2 Nf8 29.Rg3 Qa4 30.e5 Rxg3+ 31.hxg3 Rc8 32.Rf4 Qc2 33.Qxc2 Rxc2 34.
Rf2 Rc4 35.Re2 Rc8 36.a4 Rc5 37.e6 fxe6 38.dxe6 Nxe6 39.Rxe6 Rc2 40.Be5 
Re2 41.Re7 Kf8 42.Rxg7 Rxe5 43.Rxa7 Re2 44.a5 bxa5 45.Rxa5 Kg7 46.Rf5 Kg6 
47.Rf2 Re3 48.Kg2 Kg5 49.h4+ Kg4 50.Rf4+ Kh5 51.Rf5+ Kg6 52.Ra5 Re4 53.Kh3
Kh6 54.Rg5 Ra4 55.Rg4 Ra3 56.Re4 Kh5 57.Re5+ Kh6 58.h5 Ra4 59.g4 Ra1 60.
Re6+ Kh7 61.Kh4 Ra5 62.h6 Rb5 63.g5 Rb7 64.Kh5 Rb5 65.Re7+ Kg8 66.Kg6 Rb6+
67.Kf5 Rb5+ 68.Re5 Rb1 69.Re8+ Kh7 70.Re7+ Kh8 71.g6 Rf1+ 72.Ke6 Re1+ 73.
Kd7 Rd1+ 74.Ke8 Rg1 75.g7+ Kg8 76.h7+ Kxh7 77.Kf8 Rf1+ 78.Rf7 1-0

[Event "18th Africa-ch"]
[Site "Giza EGY"]
[Date "2023.05.10"]
[Round "6.6"]
[White "Ezat, Mohamed"]
[Black "Wageih, Kareim"]
[Result "1-0"]
[WhiteElo "2402"]
[BlackElo "2375"]
[EventDate "2023.05.06"]
[PlyCount "83"]

1.d4 d5 2.c4 c6 3.Nc3 dxc4 4.e4 b5 5.Nf3 Nf6 6.Be2 Bb7 7.e5 Nd5 8.e6 f6 9.
O-O Na6 10.Nh4 g6 11.f4 Qb6 12.Nxd5 cxd5 13.f5 g5 14.Bh5+ Kd8 15.Nf3 Kc7 
16.a4 b4 17.b3 Rc8 18.Qe1 Kb8 19.Be3 c3 20.Bxg5 Nc7 21.a5 Qc6 22.Bf4 Ba6 
23.Ra4 Bxf1 24.Qxf1 Ka8 25.Ne1 c2 26.Ra1 Nb5 27.Nxc2 Nc3 28.Bf3 Qb7 29.a6 
Qb6 30.Ra4 Bh6 31.Rxb4 Qa5 32.Rb5 Qd8 33.Rxd5 Qxd5 34.Bxd5+ Nxd5 35.Qf3 
Bxf4 36.Nb4 Rhd8 37.Nxd5 Rc1+ 38.Kf2 Rc2+ 39.Kf1 Rc1+ 40.Ke2 Rc2+ 41.Kd3 
Rd2+ 42.Kc3 1-0

[Event "18th Africa-ch"]
[Site "Giza EGY"]
[Date "2023.05.10"]
[Round "6.7"]
[White "Ahmed, Abuzied"]
[Black "Ashraf, Shereif"]
[Result "1/2-1/2"]
[WhiteElo "2236"]
[BlackElo "2239"]
[EventDate "2023.05.06"]
[PlyCount "59"]

1.g3 e5 2.c4 Nf6 3.Bg2 d5 4.cxd5 Nxd5 5.Nf3 Nc6 6.O-O Nb6 7.Nc3 Be7 8.a3 
O-O 9.b4 Be6 10.b5 Nd4 11.Rb1 f6 12.e3 Nxf3+ 13.Bxf3 Bc4 14.Be2 Bd3 15.Rb3
c5 16.bxc6 bxc6 17.Bxd3 Qxd3 18.Na4 Qa6 19.Nxb6 axb6 20.d4 Rad8 21.Qc2 c5 
22.Qb1 exd4 23.Rxb6 Qc8 24.exd4 Rxd4 25.Be3 Rd7 26.Qa2+ Kh8 27.Qc4 Rc7 28.
Qe6 Re8 29.Rc1 Qxe6 30.Rxe6 1/2-1/2

[Event "18th Africa-ch"]
[Site "Giza EGY"]
[Date "2023.05.10"]
[Round "6.8"]
[White "Hany Kamal, Mohamed"]
[Black "Ameir, Moheb"]
[Result "0-1"]
[WhiteElo "2227"]
[BlackElo "2366"]
[EventDate "2023.05.06"]
[PlyCount "54"]

1.d4 Nf6 2.c4 e6 3.Nf3 d5 4.Nc3 c6 5.Bg5 h6 6.Bxf6 Qxf6 7.e3 Bd6 8.Bd3 
dxc4 9.Bxc4 Nd7 10.O-O Qe7 11.Qc2 O-O 12.Bb3 Re8 13.Rae1 e5 14.dxe5 Nxe5 
15.Nxe5 Bxe5 16.f4 Bxc3 17.Qxc3 Bf5 18.e4 Bxe4 19.Re3 Qf8 20.Rg3 Bd5 21.f5
f6 22.Rd3 Qf7 23.Rfd1 Rad8 24.Qd2 Re5 25.Qa5 b6 26.Qa4 Qe7 27.R1d2 Rxf5 
0-1

[Event "18th Africa-ch"]
[Site "Giza EGY"]
[Date "2023.05.10"]
[Round "6.9"]
[White "Al-Yeldin, Mohamed"]
[Black "Fadi, Marko"]
[Result "1/2-1/2"]
[WhiteElo "2170"]
[BlackElo "2272"]
[EventDate "2023.05.06"]
[PlyCount "37"]

1.e4 c5 2.Nf3 Nc6 3.d4 cxd4 4.Nxd4 Nf6 5.Nc3 d5 6.Bg5 e6 7.Qd2 a6 8.Be2 
Bd7 9.O-O Be7 10.a4 O-O 11.Nb3 Qc7 12.Rfd1 Rfd8 13.a5 Ne5 14.Qd4 Nc6 15.
Qd2 Ne5 16.Qd4 Nc6 17.Qd2 Ne5 18.Qd4 Nc6 19.Qd2 1/2-1/2

[Event "18th Africa-ch"]
[Site "Giza EGY"]
[Date "2023.05.11"]
[Round "7.1"]
[White "Fawzy, Adham"]
[Black "Solomon, Kenny"]
[Result "1-0"]
[WhiteElo "2495"]
[BlackElo "2310"]
[EventDate "2023.05.06"]
[PlyCount "83"]

1.e4 e5 2.Nf3 Nc6 3.Bb5 a6 4.Ba4 Nf6 5.O-O Be7 6.Re1 b5 7.Bb3 O-O 8.a4 b4 
9.d4 d6 10.dxe5 Nxe5 11.Bf4 Ng6 12.Bg3 Bb7 13.Nbd2 Nd7 14.Nc4 Nc5 15.e5 
Nxb3 16.cxb3 f5 17.exd6 cxd6 18.Bxd6 Bxd6 19.Qxd6 Qxd6 20.Nxd6 Bxf3 21.
gxf3 Nh4 22.Red1 Nxf3+ 23.Kg2 Ng5 24.Rd4 Rab8 25.Re1 g6 26.h4 Nf7 27.Nc4 
Rfe8 28.Rxe8+ Rxe8 29.Ne3 Ne5 30.Rxb4 Rd8 31.Nc4 Nd3 32.Rb6 Re8 33.Rxa6 
Re2 34.Kf3 Re4 35.Ne3 Rb4 36.a5 Ne5+ 37.Kg2 f4 38.Nc4 Nd7 39.Rd6 f3+ 40.
Kg3 Rb7 41.a6 Rc7 42.b4 1-0

[Event "18th Africa-ch"]
[Site "Giza EGY"]
[Date "2023.05.11"]
[Round "7.2"]
[White "Bellahcene, Bilel"]
[Black "Adly, Ahmed"]
[Result "1-0"]
[WhiteElo "2476"]
[BlackElo "2596"]
[EventDate "2023.05.06"]
[PlyCount "89"]

1.e4 c5 2.Nf3 d6 3.Bb5+ Bd7 4.Bxd7+ Qxd7 5.O-O Nc6 6.c3 Nf6 7.Re1 e6 8.d4 
cxd4 9.cxd4 d5 10.e5 Ne4 11.a3 Be7 12.Qd3 O-O 13.Nbd2 Nxd2 14.Bxd2 Rfc8 
15.h4 Qd8 16.Ng5 g6 17.g3 Qb6 18.Bc3 Qb3 19.Rad1 b5 20.Qf3 Rf8 21.Rd3 a5 
22.Qe3 Qa2 23.h5 b4 24.Bd2 h6 25.Nxe6 g5 26.Nxf8 Rxf8 27.axb4 axb4 28.b3 
Nd8 29.f4 gxf4 30.gxf4 Kh7 31.Kh1 Rg8 32.f5 Rg5 33.Qf3 Rg8 34.Qxd5 Bh4 35.
Rf1 Qc2 36.Qc4 Qa2 37.d5 Bg5 38.Rd1 Nb7 39.f6 Kh8 40.Rg3 Qb2 41.Bxg5 Qxe5 
42.Qf4 Qe2 43.Rdg1 hxg5 44.Rxg5 Rxg5 45.Qxg5 1-0

[Event "18th Africa-ch"]
[Site "Giza EGY"]
[Date "2023.05.11"]
[Round "7.3"]
[White "Amin, Bassem"]
[Black "Ezat, Mohamed"]
[Result "1-0"]
[WhiteElo "2691"]
[BlackElo "2402"]
[EventDate "2023.05.06"]
[PlyCount "73"]

1.e4 e5 2.Nf3 Nc6 3.Bc4 Nf6 4.d3 Be7 5.O-O O-O 6.Re1 d6 7.a4 Na5 8.Ba2 c5 
9.c3 Nc6 10.Na3 h6 11.Bd2 a6 12.h3 Re8 13.Nc2 Rb8 14.Ne3 Bf8 15.Qc2 Be6 
16.Bxe6 fxe6 17.b4 b5 18.axb5 axb5 19.bxc5 dxc5 20.Ra6 Qd7 21.Ng4 Nxg4 22.
hxg4 Rec8 23.g5 hxg5 24.Nxg5 Be7 25.Nf3 Bf6 26.Rb1 b4 27.Qa2 Kh7 28.cxb4 
Nxb4 29.Bxb4 cxb4 30.d4 exd4 31.e5 Be7 32.Ra7 b3 33.Rxb3 Qc6 34.Qb1+ Kh6 
35.Rxb8 Qc1+ 36.Kh2 Qf4+ 37.Kh1 1-0

[Event "18th Africa-ch"]
[Site "Giza EGY"]
[Date "2023.05.11"]
[Round "7.4"]
[White "Kayonde, Andrew"]
[Black "Hesham, Abdelrahman"]
[Result "0-1"]
[WhiteElo "2361"]
[BlackElo "2409"]
[EventDate "2023.05.06"]
[PlyCount "82"]

1.Nf3 d5 2.e3 Nf6 3.c4 e6 4.b3 Bd6 5.Bb2 O-O 6.Nc3 Nbd7 7.Qc2 a6 8.Be2 
dxc4 9.bxc4 c5 10.Rg1 b5 11.g4 b4 12.g5 bxc3 13.gxf6 g6 14.Bxc3 e5 15.Qe4 
Rb8 16.Qh4 Re8 17.d4 exd4 18.exd4 Qxf6 19.Qxf6 Nxf6 20.dxc5 Ne4 21.cxd6 
Nxc3 22.Kd2 Nxe2 23.Rgb1 Bb7 24.d7 Red8 25.Kxe2 Rxd7 26.Rb3 Re8+ 27.Re3 
Rc8 28.Rc1 Rdc7 29.Nd2 f5 30.Re6 Kf7 31.Rb6 Rd7 32.c5 Bg2 33.c6 Rd6 34.
Rb7+ Kf6 35.Rd7 Re8+ 36.Kd1 Bf3+ 37.Kc2 Rxc6+ 38.Kb2 Re2 39.Rxc6+ Bxc6 40.
Rd6+ Ke5 41.Rxc6 Rxd2+ 0-1

[Event "18th Africa-ch"]
[Site "Giza EGY"]
[Date "2023.05.11"]
[Round "7.5"]
[White "El-Gabry, Mohsen"]
[Black "Kandil, Adham"]
[Result "0-1"]
[WhiteElo "2277"]
[BlackElo "2280"]
[EventDate "2023.05.06"]
[PlyCount "82"]

1.Nf3 d5 2.g3 g6 3.Bg2 Bg7 4.d4 c6 5.O-O Nf6 6.a4 a5 7.Nbd2 O-O 8.c4 b6 9.
Ne5 Bb7 10.e3 Na6 11.b3 Nd7 12.Nxd7 Qxd7 13.cxd5 cxd5 14.Ba3 Nb4 15.Qb1 e5
16.Bxb4 axb4 17.dxe5 Bxe5 18.Ra2 b5 19.Nf3 Bc3 20.axb5 Qxb5 21.Rd1 Ra3 22.
Rc2 Qa5 23.Rcc1 Ra2 24.Qd3 Rd8 25.Bf1 Qb6 26.Qb5 Qf6 27.Bg2 Ba6 28.Qc5 d4 
29.e4 d3 30.e5 Qf5 31.Rxc3 bxc3 32.Qxc3 d2 33.e6 Qxe6 34.Ng5 Qg4 35.Nf3 
Qf5 36.g4 Qc2 37.Qxc2 Rxc2 38.Bf1 Rc1 39.Rxd2 Rxf1+ 40.Kg2 Rxd2 41.Nxd2 
Rd1 0-1

[Event "18th Africa-ch"]
[Site "Giza EGY"]
[Date "2023.05.11"]
[Round "7.6"]
[White "Ameir, Moheb"]
[Black "Ahmed, Abuzied"]
[Result "0-1"]
[WhiteElo "2366"]
[BlackElo "2236"]
[EventDate "2023.05.06"]
[PlyCount "67"]

1.e4 c5 2.Nf3 Nc6 3.d4 cxd4 4.Nxd4 g6 5.c4 Bg7 6.Be3 Nf6 7.Nc3 Nxd4 8.Bxd4
d6 9.Nd5 O-O 10.Nxf6+ Bxf6 11.Bxf6 exf6 12.Bd3 f5 13.O-O Qf6 14.exf5 Qxb2 
15.Rb1 Qf6 16.Rb5 b6 17.fxg6 hxg6 18.Qd2 Re8 19.Rg5 Bb7 20.h4 Re5 21.Rd1 
Rae8 22.Bf1 R8e6 23.a4 Bc8 24.a5 bxa5 25.Ra1 a4 26.Ra3 Kg7 27.Rag3 Rxg5 
28.hxg5 Qe5 29.Ra3 Re8 30.Qc1 Kh8 31.Qa1 Qxa1 32.Rxa1 Rd8 33.Be2 Kg7 34.
Kf1 0-1